Dry sliding friction and wear behaviour of hypereutectic Al-Si-carbon fibre metal matrix composite [e resource : article] (Record no. 205774)

MARC details
000 -LEADER
fixed length control field 00537nam a2200133Ia 4500
008 - FIXED-LENGTH DATA ELEMENTS--GENERAL INFORMATION
fixed length control field 231221s9999 xx 000 0 und d
041 ## - LANGUAGE CODE
Language code of text/sound track or separate title English
100 ## - MAIN ENTRY--PERSONAL NAME
Personal name Ramesh, C S. Prasad, T B
245 #0 - TITLE STATEMENT
Title Dry sliding friction and wear behaviour of hypereutectic Al-Si-carbon fibre metal matrix composite [e resource : article]
260 ## - PUBLICATION, DISTRIBUTION, ETC.
Date of publication, distribution, etc. 2008
Name of publisher, distributor, etc. Maney, W S & Sons
510 ## - CITATION/REFERENCES NOTE
Name of source article published in Tribology Vol.1, No.4, 2007, pp 197--202
650 ## - SUBJECT ADDED ENTRY--TOPICAL TERM
Topical term or geographic name entry element carbon fibre, Sliding wear, electroless copper coating, heat treatment
942 ## - ADDED ENTRY ELEMENTS (KOHA)
Koha item type Digital Library
Holdings
Date last seen Total checkouts Accession number Uniform resource identifier Price effective from Category Lost status Damaged status Department Withdrawn status Home library Current library Shelving location Entry date Grants Billdate Currency symbol Conversion rate Discount Old discount
26/01/2024   DL1901 digital/articles/me/dl1901.pdf 26/01/2024 Digital Library     Central Library   Central Library Central Library Central Library   ME 09/03/2010 RS 1    

© For any Suggestions or Query, please contact the library staff @ librarian@pes.edu or Phone: +9180 2672 1983/ 2108.